[Event "1st Int. Chess Open of Marrakech"]
[Site "Marrakech"]
[Date "2010.06.26"]
[Round "2"]
[White "Mikhalevski, Victor"]
[Black "Shirazi, Kamran"]
[Result "1-0"]
[WhiteElo "2614"]
[BlackElo "2425"]
[EventDate "2010.06.28"]
[PlyCount "51"]
[SourceDate "2010.06.26"]

1.d4 Nf6 2.c4 d6 3.Nf3 g6 4.Nc3 Bf5 5.d5 Bg7 6.Nd4 Bd7 7.e4 e5 8.Nc2 O-O 
9.Be2 a5 10.g4 Na6 11.g5 Nh5 12.Bxh5 gxh5 13.Qxh5 Nc5 14.Qe2 f5 15.f3 c6 
16.Be3 cxd5 17.exd5 e4 18.O-O-O Nd3+ 19.Kb1 Rc8 20.fxe4 fxe4 21.Nxe4 Nxb2 
22.Nf6+ Bxf6 23.gxf6 Na4 24.Bd4 Bf5 25.Rhg1+ Kh8 26.Qe8 1-0

[Event "1st Int. Chess Open of Marrakech"]
[Site "Marrakech"]
[Date "2010.06.26"]
[Round "2"]
[White "Haddouch, M."]
[Black "Hamdouchi, Hicham"]
[Result "1/2-1/2"]
[WhiteElo "2425"]
[BlackElo "2609"]
[EventDate "2010.06.28"]
[PlyCount "47"]
[SourceDate "2010.06.26"]

1.e4 c5 2.Nf3 d6 3.d4 cxd4 4.Nxd4 Nf6 5.Nc3 g6 6.Be2 Bg7 7.Be3 O-O 8.O-O 
a6 9.a4 b6 10.a5 bxa5 11.Nb3 Nc6 12.f3 Rb8 13.Qd2 Nd7 14.Kh1 Nc5 15.Ra3 
Nxb3 16.cxb3 Be6 17.Nd5 a4 18.Bxa6 axb3 19.Bc4 f5 20.Bg5 Kh8 21.Rc1 Bxd5 
22.Bxd5 Nd4 23.Ra7 Qb6 24.Rxe7 1/2-1/2

[Event "1st Int. Chess Open of Marrakech"]
[Site "Marrakech"]
[Date "2010.06.26"]
[Round "2"]
[White "David, Alberto"]
[Black "Hoffman, Alejandro"]
[Result "1-0"]
[WhiteElo "2631"]
[BlackElo "2438"]
[EventDate "2010.06.28"]
[PlyCount "60"]
[SourceDate "2010.06.26"]

1.e4 c5 2.Nf3 d6 3.Bc4 Nf6 4.d3 e6 5.Bb3 Be7 6.O-O O-O 7.c3 b6 8.Re1 Bb7 
9.Nbd2 Nbd7 10.Nf1 Qc7 11.Ng3 Ne5 12.d4 Nxf3+ 13.Qxf3 cxd4 14.cxd4 d5 15.
e5 Ne4 16.Qg4 Nxg3 17.hxg3 Rfc8 18.Bd2 Qd7 19.Kh2 a5 20.a4 Ba6 21.Re3 Rc7 
22.Rh1 Rac8 23.Qh5 Bb4 24.Bxb4 axb4 25.g4 Qd8 26.Rh3 h6 27.f4 f6 28.Qg6 
Kf8 29.g5 Qe8 30.Qh7 Re7 1-0

[Event "1st Int. Chess Open of Marrakech"]
[Site "Marrakech"]
[Date "2010.06.26"]
[Round "2"]
[White "Arnaudov, P."]
[Black "Antoniewski, Rafal"]
[Result "0-1"]
[WhiteElo "2416"]
[BlackElo "2607"]
[EventDate "2010.06.28"]
[PlyCount "84"]
[SourceDate "2010.06.26"]

1.Nf3 Nf6 2.c4 c5 3.Nc3 Nc6 4.d4 cxd4 5.Nxd4 e6 6.a3 Bc5 7.Nb3 Be7 8.e4 b6
9.Be2 O-O 10.O-O Bb7 11.Bf4 d6 12.Qc2 Ne5 13.Rfd1 Qb8 14.a4 Rc8 15.a5 Ba6 
16.axb6 axb6 17.Nd2 Bxc4 18.Rxa8 Qxa8 19.Nxc4 Nxc4 20.Qb3 Ne5 21.Qxb6 Rb8 
22.Qd4 Rxb2 23.Bxe5 dxe5 24.Qxe5 h6 25.Qc7 Rb7 26.Qc6 Qb8 27.Bf3 Rb6 28.
Qc4 Bd6 29.g3 Be5 30.Ne2 Rb2 31.Nc1 Rb4 32.Rd8+ Kh7 33.Qc5 Qxd8 34.Qxb4 g5
35.Be2 Kg7 36.Nd3 Qc7 37.Qb5 Bd4 38.Bf3 g4 39.Be2 e5 40.Qb1 Qc3 41.Qe1 h5 
42.h3 gxh3 0-1

[Event "1st Int. Chess Open of Marrakech"]
[Site "Marrakech"]
[Date "2010.06.27"]
[Round "?"]
[White "Kiss, P."]
[Black "Iturrizaga, Eduardo"]
[Result "0-1"]
[WhiteElo "2388"]
[BlackElo "2599"]
[EventDate "2010.06.28"]
[PlyCount "75"]
[SourceDate "2010.06.26"]

1.d4 Nf6 2.c4 e6 3.Nf3 c5 4.d5 exd5 5.cxd5 d6 6.Nc3 g6 7.Bg5 Bg7 8.e3 O-O 
9.Nd2 a6 10.a4 Nbd7 11.Be2 Re8 12.O-O Qc7 13.Bf4 Ne5 14.Bxe5 Rxe5 15.Nc4 
Re7 16.a5 Bd7 17.Qb3 Rd8 18.Rfd1 Ne4 19.Nxe4 Rxe4 20.Bd3 Re7 21.Rac1 Bb5 
22.Nb6 Bxd3 23.Rxd3 Re4 24.Rc4 Qe7 25.Qc2 f5 26.Rb3 Re5 27.g3 Re8 28.Rd3 
Re4 29.Rb3 Qf7 30.Rd3 h5 31.h4 Qf6 32.Rxe4 fxe4 33.Rb3 Re5 34.Rc3 Qd8 35.
Nc4 Rxd5 36.Qxe4 Rd1+ 37.Kg2 Bf6 38.Rd3 0-1

[Event "1st Int. Chess Open of Marrakech"]
[Site "Marrakech"]
[Date "2010.06.26"]
[Round "2"]
[White "Onkoud, Abdelaziz"]
[Black "Gleizerov, Evgeny"]
[Result "1/2-1/2"]
[WhiteElo "2573"]
[BlackElo "2381"]
[EventDate "2010.06.28"]
[PlyCount "73"]
[SourceDate "2010.06.26"]

1.d4 e6 2.g3 f5 3.Bg2 Nf6 4.Nh3 d5 5.O-O Bd6 6.c4 c6 7.b3 O-O 8.Bf4 b6 9.
Qc2 Bb7 10.Nd2 a5 11.Nf3 Na6 12.Ne5 Rc8 13.Rad1 Qe7 14.Nd3 Ba3 15.Bc1 Bxc1
16.Rxc1 c5 17.dxc5 bxc5 18.Ne5 Ne4 19.f3 Nd6 20.Qd2 a4 21.bxa4 Rfd8 22.
Rfd1 Qf6 23.Qb2 d4 24.f4 Rb8 25.Qd2 Bxg2 26.Kxg2 Ne4 27.Qa5 Nb4 28.Nf2 Ra8
29.Qb6 Nxa2 30.Nxe4 fxe4 31.Rc2 Nc3 32.Ra1 Rxa4 33.Rxa4 Nxa4 34.Qc6 Nc3 
35.Nd7 Qe7 36.Nxc5 Nd1 37.Ra2 1/2-1/2

[Event "1st Int. Chess Open of Marrakech"]
[Site "Marrakech"]
[Date "2010.06.26"]
[Round "2"]
[White "Peralta, Fernando"]
[Black "Brih, Said"]
[Result "1/2-1/2"]
[WhiteElo "2570"]
[BlackElo "2352"]
[EventDate "2010.06.28"]
[PlyCount "56"]
[SourceDate "2010.06.26"]

1.d4 Nf6 2.c4 g6 3.Nc3 Bg7 4.e4 d6 5.Nf3 O-O 6.Be2 a6 7.O-O c6 8.Be3 b5 9.
Nd2 Nbd7 10.a3 h5 11.h3 Rb8 12.Qc2 bxc4 13.Bxc4 d5 14.exd5 cxd5 15.Bxd5 
Nxd5 16.Nxd5 Bb7 17.Nc3 Nb6 18.Nb3 Nc4 19.Nc5 Bxg2 20.Kxg2 Rxb2 21.Qe4 
Nxe3+ 22.Qxe3 Bxd4 23.Qc1 Qa8+ 24.Kg1 Qf3 25.Qxb2 Qg3+ 26.Kh1 Qxh3+ 27.Kg1
Qg3+ 28.Kh1 Qh3+ 1/2-1/2

[Event "1st Int. Chess Open of Marrakech"]
[Site "Marrakech"]
[Date "2010.06.26"]
[Round "2"]
[White "Godard, Maxence"]
[Black "Iotov, Valentin"]
[Result "0-1"]
[WhiteElo "2344"]
[BlackElo "2569"]
[EventDate "2010.06.28"]
[PlyCount "70"]
[SourceDate "2010.06.26"]

1.d4 d5 2.c4 e6 3.Nf3 Nf6 4.g3 dxc4 5.Bg2 a6 6.O-O Nc6 7.Nc3 Rb8 8.e4 Be7 
9.Be3 O-O 10.d5 exd5 11.exd5 Nb4 12.Ne5 Bf5 13.Nxc4 Bd3 14.b3 Bxf1 15.Kxf1
b5 16.Ne5 Bd6 17.f4 Qe7 18.Bd4 Rbd8 19.Ng4 Nxg4 20.Qxg4 f5 21.Qd1 c5 22.
Bg1 c4 23.bxc4 bxc4 24.Rb1 Bc5 25.Bxc5 Qxc5 26.Na4 Qd6 27.Qd4 Nxd5 28.Qxc4
Kh8 29.Bxd5 Qxd5 30.Qxd5 Rxd5 31.Rb2 h6 32.Nc3 Rd3 33.Ne2 Rfd8 34.a4 Rd1+ 
35.Kf2 R8d2 0-1

[Event "1st Int. Chess Open of Marrakech"]
[Site "Marrakech"]
[Date "2010.06.26"]
[Round "2"]
[White "Lopez, Jordi"]
[Black "Evdokimov, Alexander A"]
[Result "0-1"]
[WhiteElo "2271"]
[BlackElo "2551"]
[EventDate "2010.06.28"]
[PlyCount "38"]
[SourceDate "2010.06.26"]

1.d4 Nf6 2.Nf3 g6 3.Bf4 Bg7 4.e3 O-O 5.Be2 c5 6.c3 b6 7.O-O Bb7 8.Nbd2 d6 
9.b4 Nd5 10.Qb3 cxb4 11.cxb4 Nxf4 12.exf4 Nd7 13.Rfd1 Nf6 14.Nf1 Nd5 15.g3
Rc8 16.Ne3 Nc3 17.Qb2 Nxd1 18.Rxd1 Qc7 19.Qa3 a6 0-1

[Event "1st Int. Chess Open of Marrakech"]
[Site "Marrakech"]
[Date "2010.06.26"]
[Round "2"]
[White "Strugnell, Carl"]
[Black "Alluch, N."]
[Result "1-0"]
[WhiteElo "2255"]
[BlackElo "1499"]
[EventDate "2010.06.28"]
[PlyCount "61"]
[SourceDate "2010.06.26"]

1.e4 c5 2.Nc3 d6 3.Nge2 Nc6 4.d4 cxd4 5.Nxd4 Bd7 6.g3 Nf6 7.Bg2 g6 8.Nde2 
Bg7 9.O-O O-O 10.h3 a6 11.a4 Rc8 12.Re1 Qc7 13.Bg5 h6 14.Bxf6 exf6 15.g4 
g5 16.Nd5 Qd8 17.Ng3 Kh7 18.Ne3 Qc7 19.Ngf5 Bxf5 20.exf5 Rcd8 21.Nd5 Qb8 
22.a5 Ne5 23.b3 Rfe8 24.Ra4 Nc6 25.Re3 Re5 26.c4 Rde8 27.b4 Rxe3 28.Nxe3 
Bf8 29.b5 Ne5 30.Qd5 axb5 31.Qxb5 1-0

[Event "1st Int. Chess Open of Marrakech"]
[Site "Marrakech"]
[Date "2010.06.26"]
[Round "2"]
[White "Daoudi, Kamal"]
[Black "Bismillah, N."]
[Result "1-0"]
[WhiteElo "2142"]
[BlackElo "1499"]
[EventDate "2010.06.28"]
[PlyCount "65"]
[SourceDate "2010.06.26"]

1.e4 e5 2.Nf3 Nc6 3.Bb5 d6 4.d4 Nf6 5.Nc3 Be7 6.dxe5 dxe5 7.Qxd8+ Bxd8 8.
Nxe5 O-O 9.Nxc6 bxc6 10.Bxc6 Rb8 11.O-O Bb7 12.Bxb7 Rxb7 13.e5 Ng4 14.f4 
c6 15.h3 Bb6+ 16.Kh1 Nh6 17.g4 Re7 18.f5 Kh8 19.Bf4 Bd4 20.e6 Rfe8 21.Bxh6
gxh6 22.exf7 Rxf7 23.Rae1 Rfe7 24.Rxe7 Rxe7 25.Kg2 Bxc3 26.bxc3 Re2+ 27.
Rf2 Re3 28.Rd2 Rxc3 29.h4 Rc4 30.Kf3 Kg7 31.Rd7+ Kh8 32.f6 Rb4 33.Rd8# 1-0

[Event "1st Int. Chess Open of Marrakech"]
[Site "Marrakech"]
[Date "2010.06.26"]
[Round "2"]
[White "Al Haik, M."]
[Black "Benaino, Samir"]
[Result "0-1"]
[WhiteElo "1499"]
[BlackElo "2136"]
[EventDate "2010.06.28"]
[PlyCount "66"]
[SourceDate "2010.06.26"]

1.d4 Nf6 2.Nf3 g6 3.c4 Bg7 4.Nc3 O-O 5.e4 d6 6.h3 Na6 7.Be3 c5 8.Be2 b6 9.
O-O cxd4 10.Nxd4 Bb7 11.f3 Rc8 12.Ndb5 Ra8 13.Qd2 Nh5 14.Kh2 Nc5 15.g4 Nf6
16.Bh6 a6 17.Nd4 Ne6 18.Bxg7 Nxg7 19.Nc2 Qb8 20.Nd5 Nxd5 21.cxd5 e6 22.Ne3
Re8 23.Bc4 b5 24.Bb3 e5 25.Qf2 Qd8 26.Bc2 Qg5 27.f4 exf4 28.Qxf4 Qxf4+ 29.
Rxf4 Rac8 30.Raf1 f5 31.R1f2 g5 32.Rxf5 Nxf5 33.Nxf5 Rf8 0-1

[Event "1st Int. Chess Open of Marrakech"]
[Site "Marrakech"]
[Date "2010.06.26"]
[Round "2"]
[White "Bendriss, H."]
[Black "Choukri, Adel"]
[Result "0-1"]
[WhiteElo "1499"]
[BlackElo "2105"]
[EventDate "2010.06.28"]
[PlyCount "60"]
[SourceDate "2010.06.26"]

1.e4 c5 2.Nc3 Nc6 3.g3 g6 4.Bg2 Bg7 5.d3 d6 6.Be3 e6 7.Nge2 Nge7 8.O-O Nd4
9.Qd2 O-O 10.Nd1 Nec6 11.c3 Nxe2+ 12.Qxe2 Qc7 13.f4 b6 14.Nf2 Bb7 15.Rac1 
Ne7 16.g4 f5 17.Nh3 h6 18.Qf3 c4 19.gxf5 exf5 20.Qe2 cxd3 21.Qxd3 fxe4 22.
Bxe4 Bxe4 23.Qxe4 Qd7 24.Rf3 Rae8 25.Rd1 Qg4+ 26.Kf2 Kh7 27.Qb7 Nf5 28.Bc1
Nh4 29.Rfd3 Qe2+ 30.Kg1 Re4 0-1

[Event "1st Int. Chess Open of Marrakech"]
[Site "Marrakech"]
[Date "2010.06.28"]
[Round "4"]
[White "Fedorchuk, Sergey A"]
[Black "Berelowitsch, Alexander"]
[Result "*"]
[WhiteElo "2646"]
[BlackElo "2566"]
[EventDate "2010.06.28"]
[PlyCount "27"]
[SourceDate "2010.06.26"]

1.e4 e6 2.d4 d5 3.Nd2 c5 4.Ngf3 cxd4 5.exd5 Qxd5 6.Bc4 Qd6 7.Qe2 Nf6 8.Nb3
Nc6 9.Bg5 Qb4+ 10.Bd2 Qb6 11.O-O-O Be7 12.Rhe1 O-O 13.Ne5 a5 14.a4 *

[Event "1st Int. Chess Open of Marrakech"]
[Site "Marrakech"]
[Date "2010.06.28"]
[Round "4"]
[White "David, Alberto"]
[Black "Miladinovic, Igor"]
[Result "1/2-1/2"]
[WhiteElo "2631"]
[BlackElo "2559"]
[EventDate "2010.06.28"]
[PlyCount "50"]
[SourceDate "2010.06.26"]

1.d4 d5 2.c4 Bf5 3.cxd5 Bxb1 4.Qa4+ Qd7 5.Qxd7+ Nxd7 6.Rxb1 Ngf6 7.Nf3 
Nxd5 8.g3 e6 9.Bg2 c6 10.O-O a5 11.Bd2 Bb4 12.a3 Bxd2 13.Nxd2 Ke7 14.Rfe1 
N7b6 15.Nb3 Rhd8 16.Nc5 Ra7 17.e3 Nd7 18.Nxd7 Kxd7 19.b4 axb4 20.axb4 Nc7 
21.Bf1 Rda8 22.b5 cxb5 23.Bxb5+ Nxb5 24.Rxb5 Rc8 25.Reb1 Rc7 1/2-1/2

[Event "1st Int. Chess Open of Marrakech"]
[Site "Marrakech"]
[Date "2010.06.28"]
[Round "4"]
[White "Fargere, Francois"]
[Black "Iotov, Valentin"]
[Result "0-1"]
[WhiteElo "2489"]
[BlackElo "2569"]
[EventDate "2010.06.28"]
[PlyCount "62"]
[SourceDate "2010.06.26"]

1.e4 c6 2.d4 d5 3.Nc3 dxe4 4.Nxe4 Bf5 5.Ng3 Bg6 6.h4 h6 7.Nf3 Nd7 8.h5 Bh7
9.Bd3 Bxd3 10.Qxd3 e6 11.Bd2 Ngf6 12.O-O-O Be7 13.Kb1 Qb6 14.Ne4 Nxe4 15.
Qxe4 O-O-O 16.c4 Rhe8 17.c5 Qb5 18.Bf4 b6 19.Ne5 Nxe5 20.Qxe5 Kb7 21.Rh3 
Rd7 22.Qxg7 Bxc5 23.Bxh6 Bf8 24.Qf6 Bxh6 25.Qxh6 Qf5+ 26.Ka1 Qxf2 27.Qg7 
Red8 28.h6 Rxd4 29.Rb1 Rd1 30.Qh7 Qxg2 31.Qxf7+ R8d7 0-1

[Event "1st Int. Chess Open of Marrakech"]
[Site "Marrakech"]
[Date "2010.06.28"]
[Round "4"]
[White "Haddouch, M."]
[Black "Teske, Henrik"]
[Result "1/2-1/2"]
[WhiteElo "2425"]
[BlackElo "2542"]
[EventDate "2010.06.28"]
[PlyCount "47"]
[SourceDate "2010.06.26"]

1.e4 Nc6 2.Bc4 e6 3.Nf3 d5 4.exd5 exd5 5.Bb5 Bd6 6.O-O Ne7 7.d4 Bg4 8.c4 
dxc4 9.h3 Bh5 10.Nc3 O-O 11.Bxc4 Nxd4 12.g4 Nxf3+ 13.Qxf3 Bg6 14.Qxb7 Rb8 
15.Qf3 Qd7 16.Rd1 Nc6 17.Bf4 Na5 18.Bb3 Nxb3 19.axb3 Rxb3 20.Rxa7 Qe6 21.
Bxd6 cxd6 22.Ra8 Rbb8 23.Rxb8 Rxb8 24.Qd5 1/2-1/2

[Event "1st Int. Chess Open of Marrakech"]
[Site "Marrakech"]
[Date "2010.06.28"]
[Round "4"]
[White "Guseinov, Gadir"]
[Black "Benitah, Yohan"]
[Result "1-0"]
[WhiteElo "2602"]
[BlackElo "2389"]
[EventDate "2010.06.28"]
[PlyCount "50"]
[SourceDate "2010.06.26"]

1.e4 c5 2.Nc3 d6 3.Nf3 Nf6 4.d4 cxd4 5.Nxd4 a6 6.Bg5 e6 7.f4 Nbd7 8.Qe2 
Qc7 9.O-O-O b5 10.f5 b4 11.fxe6 bxc3 12.exd7+ Nxd7 13.Qc4 cxb2+ 14.Kb1 Nc5
15.e5 dxe5 16.Nb5 axb5 17.Qd5 Be7 18.Bxb5+ Kf8 19.Bxe7+ Kxe7 20.Qxa8 Ba6 
21.Qxh8 Bxb5 22.Rhe1 Bc4 23.Qa8 f6 24.Re3 Nd7 25.Rc3 Nb6 1-0

[Event "1st Int. Chess Open of Marrakech"]
[Site "Marrakech"]
[Date "2010.06.28"]
[Round "4"]
[White "Hamdouchi, Adina-Maria"]
[Black "Evdokimov, Alexander A"]
[Result "0-1"]
[WhiteElo "2329"]
[BlackElo "2551"]
[EventDate "2010.06.28"]
[PlyCount "50"]
[SourceDate "2010.06.26"]

1.Nf3 g6 2.g3 Bg7 3.Bg2 c5 4.O-O Nc6 5.c3 d5 6.d4 cxd4 7.cxd4 Nh6 8.Nc3 
Nf5 9.e3 O-O 10.b3 Re8 11.Re1 e6 12.Bb2 Bd7 13.Na4 b6 14.Bf1 Nd6 15.Rc1 
Ne4 16.Ne5 Nxe5 17.dxe5 Rc8 18.Ba6 Rxc1 19.Qxc1 b5 20.f3 Ng5 21.Qd1 Qa5 
22.Nc3 Bxe5 23.f4 Bxc3 24.Bxc3 Qxc3 25.h4 Nf3+ 0-1

[Event "1st Int. Chess Open of Marrakech"]
[Site "Marrakech"]
[Date "2010.06.28"]
[Round "4"]
[White "Shchekachev, Andrei"]
[Black "Ravot, Sylvain"]
[Result "0-1"]
[WhiteElo "2549"]
[BlackElo "2274"]
[EventDate "2010.06.28"]
[PlyCount "63"]
[SourceDate "2010.06.26"]

1.Nf3 d6 2.d4 f5 3.g3 g6 4.Bg2 Nf6 5.O-O Bg7 6.c4 O-O 7.Nc3 Qe8 8.Re1 Qf7 
9.b3 Ne4 10.Bb2 Nc6 11.Rc1 h6 12.d5 Nd8 13.e3 c5 14.Qc2 Nxc3 15.Bxc3 g5 
16.Nd2 e5 17.dxe6 Bxe6 18.Bxg7 Kxg7 19.Rcd1 Nc6 20.Nb1 Rad8 21.Nc3 f4 22.
exf4 Nd4 23.Qb2 Kg8 24.Nb5 d5 25.Nxd4 cxd4 26.Rxe6 Qxe6 27.Bxd5 Rxd5 28.
cxd5 Qxd5 29.Qxd4 Qxd4 30.Rxd4 gxf4 31.Rxf4 Rd8 32.Rc4 0-1

[Event "1st Int. Chess Open of Marrakech"]
[Site "Marrakech"]
[Date "2010.06.28"]
[Round "4"]
[White "Strugnell, Carl"]
[Black "Kunin, Vitaly"]
[Result "0-1"]
[WhiteElo "2255"]
[BlackElo "2535"]
[EventDate "2010.06.28"]
[PlyCount "72"]
[SourceDate "2010.06.26"]

1.e4 e5 2.Nf3 Nc6 3.Bb5 a6 4.Bxc6 dxc6 5.O-O Bd6 6.d4 Bg4 7.dxe5 Bxf3 8.
Qxf3 Bxe5 9.Nd2 Qf6 10.Qxf6 Bxf6 11.e5 Be7 12.Ne4 f6 13.Bf4 f5 14.Ng3 g5 
15.Bd2 O-O-O 16.Bc3 Nh6 17.Rad1 Rd5 18.h3 Rhd8 19.Rxd5 cxd5 20.f4 Bc5+ 21.
Kh1 gxf4 22.Ne2 Be3 23.Nxf4 d4 24.Bb4 Re8 25.Nd3 b5 26.Be1 c5 27.c4 Kd7 
28.Bg3 Kc6 29.Bf4 Bxf4 30.Rxf4 Re6 31.Kh2 Kd7 32.Rh4 Nf7 33.Rxh7 Ke8 34.
Kg3 Nxe5 35.Nf4 Rd6 36.Kf2 d3 0-1

[Event "1st Int. Chess Open of Marrakech"]
[Site "Marrakech"]
[Date "2010.06.28"]
[Round "4"]
[White "Zouizine, Rachid"]
[Black "Hoffman, Alejandro"]
[Result "0-1"]
[WhiteElo "2092"]
[BlackElo "2438"]
[EventDate "2010.06.28"]
[PlyCount "78"]
[SourceDate "2010.06.26"]

1.e4 c5 2.Nf3 g6 3.d4 Bg7 4.Nc3 cxd4 5.Nxd4 Nc6 6.Be3 Nf6 7.Bc4 O-O 8.Bb3 
d6 9.f3 Bd7 10.Qd2 Qa5 11.O-O-O Rfc8 12.Kb1 Ne5 13.Bg5 Rc5 14.Rhe1 Rac8 
15.Bxf6 Bxf6 16.Nd5 Qxd2 17.Nxf6+ Kg7 18.Rxd2 Kxf6 19.f4 Nc6 20.Nf3 Be8 
21.Ng5 Kg7 22.g4 h6 23.Nf3 b5 24.h4 a5 25.a3 Rb8 26.Bd5 Na7 27.c3 b4 28.
axb4 axb4 29.Kc2 bxc3 30.bxc3 Nb5 31.Re3 Na3+ 32.Kd1 Nb1 33.Rdd3 Bb5 34.
Kc2 Bxd3+ 35.Rxd3 Na3+ 36.Kc1 Rb1+ 37.Kd2 e6 38.c4 Ra1 39.Ba8 Nxc4+ 0-1

[Event "1st Int. Chess Open of Marrakech"]
[Site "Marrakech"]
[Date "2010.06.28"]
[Round "4"]
[White "Ait Zirri, R."]
[Black "Shirazi, Kamran"]
[Result "0-1"]
[WhiteElo "1499"]
[BlackElo "2425"]
[EventDate "2010.06.28"]
[PlyCount "106"]
[SourceDate "2010.06.26"]

1.e4 c5 2.Nf3 Nf6 3.e5 Nd5 4.Nc3 Nb4 5.a3 N4c6 6.Bc4 Nd4 7.Nxd4 cxd4 8.Qf3
e6 9.Ne4 Qc7 10.d3 Qxe5 11.Bf4 Qa5+ 12.b4 Qb6 13.Qg3 d5 14.Nd6+ Bxd6 15.
Bxd6 Rg8 16.Bb3 Nd7 17.Bc7 Qc6 18.O-O f6 19.Bf4 Nf8 20.Rac1 Bd7 21.c4 dxc3
22.d4 Rc8 23.Bd2 Qc7 24.Qe3 Kf7 25.Rxc3 Qd8 26.Rfc1 Rxc3 27.Qxc3 Bc6 28.a4
a6 29.Qg3 Nd7 30.h3 Re8 31.Qd3 Nf8 32.b5 axb5 33.axb5 Bd7 34.Bb4 Ng6 35.
Bd2 Qb6 36.Rc5 Rc8 37.Rxc8 Bxc8 38.Ba4 Bd7 39.Qc3 Qa7 40.Qb4 Ne7 41.Bb3 
Nf5 42.Bc3 Qb6 43.Ba4 Nd6 44.Bb2 Nc4 45.Bc3 h6 46.Qc5 Qd8 47.Bb3 b6 48.Qb4
Qe7 49.Qxe7+ Kxe7 50.Bb4+ Nd6 51.Ba4 e5 52.Kf1 Ke6 53.Bxd6 Kxd6 0-1

[Event "1st Int. Chess Open of Marrakech"]
[Site "Marrakech"]
[Date "2010.06.28"]
[Round "4"]
[White "Hanif, Mollah"]
[Black "Brih, Said"]
[Result "0-1"]
[WhiteElo "1499"]
[BlackElo "2352"]
[EventDate "2010.06.28"]
[PlyCount "66"]
[SourceDate "2010.06.26"]

1.e4 c5 2.Nf3 Nc6 3.Bb5 Na5 4.O-O a6 5.Be2 e6 6.b4 cxb4 7.d4 Nf6 8.Nbd2 d5
9.e5 Nd7 10.Nb3 Nc4 11.Bd3 Be7 12.Nfd2 b5 13.Qe2 a5 14.f4 g6 15.Nf3 a4 16.
Nbd2 Qb6 17.Qf2 Bb7 18.Ng5 h6 19.Nh3 O-O-O 20.Kh1 Rdg8 21.Nf3 Rg7 22.Nhg1 
Nb8 23.Ne2 Nc6 24.Rb1 Ba6 25.c3 Qa5 26.cxb4 Bxb4 27.Bxc4 bxc4 28.a3 Be7 
29.Bd2 Qc7 30.Nc3 Kd7 31.Nxa4 Rb8 32.Bb4 Nxb4 33.axb4 Rxb4 0-1

[Event "1st Int. Chess Open of Marrakech"]
[Site "Marrakech"]
[Date "2010.06.28"]
[Round "4"]
[White "Arnaudov, P."]
[Black "Alami, Halim"]
[Result "1-0"]
[WhiteElo "2416"]
[BlackElo "2155"]
[EventDate "2010.06.28"]
[PlyCount "73"]
[SourceDate "2010.06.26"]

1.d4 d5 2.Nf3 e6 3.c4 c6 4.Nbd2 f5 5.g3 Nf6 6.Bg2 Be7 7.O-O O-O 8.Ne5 Nbd7
9.Nd3 Ne4 10.Qc2 Bf6 11.Nf3 g5 12.Nfe5 Nxe5 13.dxe5 Be7 14.cxd5 Qxd5 15.
Be3 g4 16.f3 gxf3 17.exf3 Ng5 18.f4 Ne4 19.Nf2 Qa5 20.Nxe4 fxe4 21.Bxe4 
Rf7 22.Rfd1 Qc7 23.Bc5 Bxc5+ 24.Qxc5 Bd7 25.Rd2 Qb6 26.Qxb6 axb6 27.Rad1 
Be8 28.Bc2 Re7 29.Bb3 Kg7 30.Rd6 Bf7 31.Rd7 Rae8 32.g4 Kf8 33.Kf2 h5 34.h3
hxg4 35.hxg4 Rc8 36.R1d6 Rce8 37.a4 1-0

[Event "1st Int. Chess Open of Marrakech"]
[Site "Marrakech"]
[Date "2010.06.28"]
[Round "4"]
[White "Mounib, Abdelmjid"]
[Black "Bouhaddoune, O."]
[Result "1-0"]
[WhiteElo "2169"]
[BlackElo "2272"]
[EventDate "2010.06.28"]
[PlyCount "63"]
[SourceDate "2010.06.26"]

1.e4 c5 2.Nf3 Nc6 3.d4 cxd4 4.Nxd4 Nf6 5.Nc3 e5 6.Nde2 Bc5 7.Ng3 O-O 8.Be2
Nd4 9.O-O h6 10.Na4 Be7 11.c4 b5 12.Nc3 Bb7 13.Nd5 bxc4 14.Nxf6+ Bxf6 15.
Bxc4 Rc8 16.b3 Bh4 17.Qg4 Kh8 18.Nh5 Bg5 19.h4 Bf6 20.Ba3 d6 21.Rad1 g6 
22.Nxf6 Qxf6 23.f4 h5 24.Qh3 Rxc4 25.bxc4 exf4 26.Rf2 Bc8 27.Qd3 Nc6 28.
Bb2 Ne5 29.Qxd6 Qxd6 30.Rxd6 Kg7 31.Bxe5+ f6 32.Rxf4 1-0

[Event "1st Int. Chess Open of Marrakech"]
[Site "Marrakech"]
[Date "2010.06.28"]
[Round "4"]
[White "Strikovic, Aleksa"]
[Black "Lopez, Jordi"]
[Result "1-0"]
[WhiteElo "2557"]
[BlackElo "2271"]
[EventDate "2010.06.28"]
[PlyCount "65"]
[SourceDate "2010.06.26"]

1.c4 c5 2.Nc3 Nc6 3.Nf3 g6 4.e3 Nf6 5.d4 cxd4 6.exd4 d5 7.cxd5 Nxd5 8.Qb3 
Nxc3 9.Bc4 e6 10.bxc3 Be7 11.Bh6 Bf8 12.Bxf8 Kxf8 13.O-O Kg7 14.Qb2 b6 15.
Rfe1 Bb7 16.Rad1 Qf6 17.Nd2 Ne7 18.Bd3 Rab8 19.Ne4 Bxe4 20.Bxe4 Rbc8 21.
Ba8 Rxa8 22.c4 Rhd8 23.Qa3 Rd7 24.h3 h5 25.Rd3 Nf5 26.d5 Qd8 27.Red1 e5 
28.Re1 f6 29.Qc1 g5 30.a4 Qc7 31.a5 Qc5 32.axb6 axb6 33.Rxe5 1-0

[Event "1st Int. Chess Open of Marrakech"]
[Site "Marrakech"]
[Date "2010.06.28"]
[Round "4"]
[White "Peralta, Fernando"]
[Black "Cossin, Sebastien"]
[Result "1/2-1/2"]
[WhiteElo "2570"]
[BlackElo "2494"]
[EventDate "2010.06.28"]
[PlyCount "61"]
[SourceDate "2010.06.26"]

1.d4 Nf6 2.c4 e6 3.Nc3 c5 4.d5 exd5 5.cxd5 d6 6.e4 g6 7.Nge2 Bg7 8.Ng3 O-O
9.Be2 a6 10.a4 h5 11.Bg5 Qb6 12.Qc1 Nh7 13.a5 Qc7 14.Bh6 Nd7 15.Bxg7 Kxg7 
16.O-O h4 17.Nh1 Re8 18.f4 b5 19.axb6 Qxb6 20.Bc4 Rb8 21.b3 Qd8 22.Nf2 g5 
23.Ng4 Ndf6 24.Nxf6 Qxf6 25.e5 dxe5 26.Ne4 Qg6 27.Nxg5 Rxb3 28.Ra2 Rb6 29.
Qe3 Nf6 30.Qxc5 Ng4 31.Nh3 1/2-1/2

[Event "1st Int. Chess Open of Marrakech"]
[Site "Marrakech"]
[Date "2010.06.28"]
[Round "4"]
[White "Sriram, Jha"]
[Black "Daurelle, Herve"]
[Result "1-0"]
[WhiteElo "2507"]
[BlackElo "2249"]
[EventDate "2010.06.28"]
[PlyCount "69"]
[SourceDate "2010.06.26"]

1.d4 Nf6 2.c4 e6 3.Nf3 c5 4.d5 exd5 5.cxd5 d6 6.Nc3 g6 7.Bf4 a6 8.a4 Qe7 
9.Nd2 Nh5 10.Be3 Nd7 11.Nc4 Ne5 12.Nb6 Rb8 13.h3 Bg7 14.g4 Bxg4 15.hxg4 
Nxg4 16.Qd2 O-O 17.Bh3 Nxe3 18.Qxe3 Qc7 19.a5 Rbe8 20.Qf3 f5 21.Bg2 Qe7 
22.Ra4 Bd4 23.Kf1 Qg5 24.e3 Bxe3 25.Rxh5 gxh5 26.fxe3 Rxe3 27.Qf4 Qe7 28.
Nc4 Re1+ 29.Kf2 Re8 30.Nxd6 Rd1 31.Nxd1 Qe1+ 32.Kf3 Qxd1+ 33.Kg3 Re7 34.
Nxf5 Qe1+ 35.Kh2 1-0

[Event "1st Int. Chess Open of Marrakech"]
[Site "Marrakech"]
[Date "2010.06.28"]
[Round "4"]
[White "Djadi, Fouad"]
[Black "Bentefrit, Samir"]
[Result "1-0"]
[WhiteElo "1742"]
[BlackElo "2199"]
[EventDate "2010.06.28"]
[PlyCount "50"]
[SourceDate "2010.06.26"]

1.e4 c5 2.Nc3 g6 3.g3 Bg7 4.Bg2 Nc6 5.f4 d6 6.d3 Nd4 7.Nge2 Bg4 8.O-O Qd7 
9.f5 gxf5 10.h3 Bxe2 11.Nxe2 fxe4 12.dxe4 h5 13.c3 Nc6 14.Nf4 Nf6 15.Bf3 
Ne5 16.Bg2 O-O-O 17.b4 Qb5 18.a4 Qc4 19.Re1 Qxc3 20.Be3 Nc4 21.Bf2 Nxe4 
22.Rb1 Ncd2 23.Re3 Qe5 24.Nd5 Bh6 25.Re2 e6 {ILLISIBLE} 1-0

[Event "1st Int. Chess Open of Marrakech"]
[Site "Marrakech"]
[Date "2010.06.26"]
[Round "1"]
[White "Georgieva, Emilia"]
[Black "Maze, Sebastien"]
[Result "0-1"]
[WhiteElo "1943"]
[BlackElo "2564"]
[EventDate "2010.06.28"]
[PlyCount "33"]
[SourceDate "2010.06.26"]

1.d4 Nf6 2.Nf3 g6 3.c3 Bg7 4.Bf4 d6 5.e3 O-O 6.Nbd2 b6 7.Qc2 Bb7 8.Be2 
Nbd7 9.O-O-O c5 10.h4 h5 11.Ng5 cxd4 12.exd4 Rc8 13.Rh3 a5 14.Rg1 Nd5 15.
Be3 Nb4 16.Qa4 e5 17.Rhh1 0-1

[Event "1st Int. Chess Open of Marrakech"]
[Site "Marrakech"]
[Date "2010.06.28"]
[Round "4"]
[White "Maze, Sebastien"]
[Black "Meier, Georg"]
[Result "1/2-1/2"]
[WhiteElo "2564"]
[BlackElo "2638"]
[EventDate "2010.06.28"]
[PlyCount "84"]
[SourceDate "2010.06.26"]

1.d4 e6 2.c4 Nf6 3.g3 d5 4.Nf3 dxc4 5.Bg2 a6 6.O-O Nc6 7.Nc3 Be7 8.e4 O-O 
9.Bg5 h6 10.Bf4 b5 11.a3 Bb7 12.Qd2 b4 13.axb4 Nxb4 14.Ne5 c5 15.dxc5 Bxc5
16.Nxc4 Qxd2 17.Bxd2 Rac8 18.e5 Bxg2 19.Kxg2 Nfd5 20.Nxd5 Nxd5 21.Rxa6 Bb4
22.b3 Bxd2 23.Nxd2 Rc2 24.Nc4 Rb8 25.Ra3 g5 26.Rfa1 Nb6 27.Ne3 Rc5 28.Ra5 
Nd7 29.Ng4 Kg7 30.Rxc5 Nxc5 31.Rc1 Nxb3 32.Rc7 Nd4 33.Nf6 Nf5 34.h4 gxh4 
35.g4 h3+ 36.Kxh3 Rb3+ 37.Kh2 Nh4 38.f4 Rb8 39.Nd7 Re8 40.Kg3 Ng6 41.Kf3 
Re7 42.Rb7 Nf8 1/2-1/2